Computer fundamentals and applications / (Record no. 147481)

MARC details
000 -LEADER
fixed length control field 00523nam a22001817a 4500
005 - DATE AND TIME OF LATEST TRANSACTION
control field 20171116152749.0
010 ## - LCCN (DPL NO)
LC control number ENG-121432
020 ## - INTERNATIONAL STANDARD BOOK NUMBER
International Standard Book Number 9789325971608
Terms of availability 365.00
035 ## - SYSTEM CONTROL NUMBER
System control number EN-104964
037 ## - SOURCE OF ACQUISITION
Source of stock number/acquisition DBAD/PUB
082 ## - DEWEY DECIMAL CLASSIFICATION NUMBER
Classification number 004
100 ## - MAIN ENTRY--PERSONAL NAME
Personal name Arora,Ashok
245 ## - TITLE STATEMENT
Title Computer fundamentals and applications /
Statement of responsibility, etc by Ashok Arora
260 ## - PUBLICATION, DISTRIBUTION, ETC. (IMPRINT)
Place of publication, distribution, etc Noida
Name of publisher, distributor, etc Vikas Publishing House
Date of publication, distribution, etc 2015
270 ## - ADDRESS
Address E-28, Sector-8,
City Noida
Postal code 201301
300 ## - PHYSICAL DESCRIPTION
Extent xxi,445p. :
Dimensions 28cm(pbk)
Other physical details ill.
942 ## - ADDED ENTRY ELEMENTS (KOHA)
Source of classification or shelving scheme Dewey Decimal Classification
Item type English Books
Call number suffix ARO
Classification part 004
Holdings
Withdrawn status Lost status Not for loan Collection code Home library Current library Date acquired Source of acquisition Cost, normal purchase price Full call number Barcode Copy number Cost, replacement price Koha item type
    Not For Loan Non-fiction D.B.Act.Division Bawana 16/11/2017 DBAD/PUB 365.00 004 ARO EN-104964 1 365.00 English Books

© Delhi Public Library
Hit Counter
free hit counter